Central Library OPAC University of Rajshahi

One language, two scripts : (Record no. 61031)

MARC details
000 -LEADER
fixed length control field 00843nam a2200253 a 4500
001 - CONTROL NUMBER
control field 61031
003 - CONTROL NUMBER IDENTIFIER
rucl marc code BD-RjUL
005 - DATE AND TIME OF LATEST TRANSACTION
control field 20211209080920.0
008 - FIXED-LENGTH DATA ELEMENTS--GENERAL INFORMATION
fixed length control field 170114s1994 ii b 001 0 eng
020 ## - INTERNATIONAL STANDARD BOOK NUMBER
International Standard Book Number 0195635655 :
Terms of availability Rs375.00
035 ## - SYSTEM CONTROL NUMBER
System control number (BD-RjUL)61155
040 ## - CATALOGING SOURCE
Original cataloging agency DLC
Transcribing agency DLC
Modifying agency BD-RjUL
Language of cataloging eng
041 ## - LANGUAGE CODE
Language code of text/sound track or separate title eng
082 00 - DEWEY DECIMAL CLASSIFICATION NUMBER
Classification number 491.43
Edition number 23
Author mark and year KIO 1994
100 1# - MAIN ENTRY--PERSONAL NAME
Personal name King, Christopher Rolland,
Dates associated with a name 1938-
9 (RLIN) 182114
245 10 - TITLE STATEMENT
Title One language, two scripts :
Remainder of title the Hindi movement in the nineteenth century North India /
Statement of responsibility, etc. Christopher R. King.
260 ## - PUBLICATION, DISTRIBUTION, ETC. (IMPRINT)
Place of publication, distribution, etc. Bombay :
Name of publisher, distributor, etc. Oxford University Press,
Date of publication, distribution, etc. 1994.
300 ## - PHYSICAL DESCRIPTION
Pagination xi, 232 p. ;
Size 23 cm.
504 ## - BIBLIOGRAPHY, ETC. NOTE
Bibliography, etc Includes bibliographical references and index.
650 #0 - SUBJECT ADDED ENTRY--TOPICAL TERM
Topical term or geographic name as entry element Hindi language
General subdivision Political aspects.
9 (RLIN) 182115
651 #0 - SUBJECT ADDED ENTRY--GEOGRAPHIC NAME
Geographic name India
General subdivision Languages.
9 (RLIN) 182116
942 ## - ADDED ENTRY ELEMENTS (KOHA)
Source of classification or shelving scheme Dewey Decimal Classification
Koha item type Books
Holdings
Lost status Source of classification or shelving scheme Damaged status Not for loan Collection code Permanent Location Current Location Shelving location Date acquired Source of acquisition Cost, normal purchase price Total Checkouts Full call number Date last seen Copy number Koha item type
  Dewey Decimal Classification   Not For Loan Non-fiction Central Library, University of Rajshahi Central Library, University of Rajshahi Reading Room 12/05/1997 Ahasania mission dhaka 450.00   491.43 KIO 1994 14/01/2017 C-1 Books